Statistics for Brad Pitt Filmography: A-Z

Click here to take the quiz!

General Stats

  • This quiz has been taken 32 times
  • The average score is 10 of 22

Answer Stats

HintAnswer% Correct
BBullet Train, Babylon, The Big Short, Being John Malkovich, Burn after Reading, Babel, By the Sea, Beyond All Boundaries, Brangelina: The Inside Story, Broken: The Incredible Story of Brangelina
97%
SSe7en, Snatch, Sleepers, Seven Years in Tibet, Sinbad: Legend of the Seven Seas, Spy Game, Sinbad and the Cyclops Island, Smash His Camera, A Stoning in Fulham County, Scoring Babylon
93%
FFight Club, Fury, F.R.I.E.N.D.S: The Reunion, Final Cut: Ladies and Gentlemen, Full Frontal, The Favor
90%
OOnce Upon a Time... in Hollywood, Oceans Eleven, Oceans Twelve, Oceans Thirteen, Once Upon a Deadpool
86%
T12 Years a Slave, The Tree of Life, Thelma and Louise, Twelve Monkeys, True Romance, Troy, Touch of Evil, Too Young to Die, Two-fisted tales, Thelma and Louise: The Last Journey, The True Story of Brad & Angelina
79%
MMegamind, Moneyball, Mr. and Mrs, Smith, Meet Joe Black, The Mexican, Making Snatch, Moneyball: Playing the Game
79%
WWorld War Z, War Machine, Wolves
76%
IInglourious Basterds, Interview with the Vampire, The Image
72%
AAd Astra, The Assassination of Jesse James by the Coward Robert Ford, Allied, The Audition, Apex as Sonny Hayes, Across the Tracks, Abby Singer
62%
CThe Curious Case of Benjamin Button, The Councelor, Confessions of a Dangerous Mind, Cool World, Cutting Class, The Curious Birth of Benjamin Button, Contact, La Classe Américaine, Close Up
59%
DDeadpool 2, The Devil's Own, The Dark Side of the Sun
48%
LLegends of the Fall, The Lost City, Less than Zero, Live 8
45%
RA River Runs Through it
34%
KKilling Them Softly, Kalifornia
28%
HHappy Feet Two, Hitting the Apex, The Hamster Factor and Other Tales of 'Twelve Monkeys', Happy Together, Hunk, Hannibal Hopkins & Sir Anthony, His Way, He Wanted the Moon, Hatton, His Highness Hollywood
17%
JJohnny Suede, Jeff Buckley: Everybody here wants you, John Lewis: Celebrating a Hero
14%
NNo Way Out, Never Sleep Again: The Elm Street Legacy, No Man's Land
14%
VVoyage of Time: The IMAX Experience, Voom Portraits
14%
EExploring 'The Tree of Life'
10%
PParis Hilton Inc.: The Selling of Celebrity, A Panoramic Canvas called Babylon
3%
QQT8: The First Eight
3%
UUnity Temple:Frank Lloyd Wright's Modern Masterpiece
0%

Score Distribution

Percentile by Number Answered

Percent of People with Each Score

Your Score History

You have not taken this quiz